<?xml version="1.0" encoding="UTF-8"?>
<record
    xmlns:xsi="http://www.w3.org/2001/XMLSchema-instance"
    xsi:schemaLocation="http://www.loc.gov/MARC21/slim http://www.loc.gov/standards/marcxml/schema/MARC21slim.xsd"
    xmlns="http://www.loc.gov/MARC21/slim">

  <leader>02792nam a2200433Ii 4500</leader>
  <controlfield tag="001">DIGBN02661</controlfield>
  <controlfield tag="003">NyNyDIG</controlfield>
  <controlfield tag="006">m     o  d        </controlfield>
  <controlfield tag="007">cr |||||||||||</controlfield>
  <controlfield tag="008">100625s2007    sp      ob    000 0bspa d</controlfield>
  <datafield tag="020" ind1=" " ind2=" ">
    <subfield code="z">8497427521</subfield>
  </datafield>
  <datafield tag="020" ind1=" " ind2=" ">
    <subfield code="z">9788497427524</subfield>
  </datafield>
  <datafield tag="040" ind1=" " ind2=" ">
    <subfield code="a">DGITA</subfield>
    <subfield code="b">eng</subfield>
    <subfield code="e">pn</subfield>
    <subfield code="c">DGITA</subfield>
  </datafield>
  <datafield tag="043" ind1=" " ind2=" ">
    <subfield code="a">e-sp---</subfield>
  </datafield>
  <datafield tag="050" ind1="0" ind2="4">
    <subfield code="a">DP236.S3 eBook</subfield>
  </datafield>
  <datafield tag="245" ind1="0" ind2="0">
    <subfield code="a">Nicol&#xE1;s Salmer&#xF3;n y el republicanismo parlamentario /</subfield>
    <subfield code="c">Fernando Mart&#xED;nez L&#xF3;pez (Ed.).</subfield>
  </datafield>
  <datafield tag="264" ind1=" " ind2="1">
    <subfield code="a">Madrid :</subfield>
    <subfield code="b">Biblioteca Nueva,</subfield>
    <subfield code="c">c2007.</subfield>
  </datafield>
  <datafield tag="300" ind1=" " ind2=" ">
    <subfield code="a">1 online resource (304 pages)</subfield>
  </datafield>
  <datafield tag="336" ind1=" " ind2=" ">
    <subfield code="a">text</subfield>
    <subfield code="b">txt</subfield>
    <subfield code="2">rdacontent</subfield>
  </datafield>
  <datafield tag="337" ind1=" " ind2=" ">
    <subfield code="a">computer</subfield>
    <subfield code="b">c</subfield>
    <subfield code="2">rdamedia</subfield>
  </datafield>
  <datafield tag="338" ind1=" " ind2=" ">
    <subfield code="a">online resource</subfield>
    <subfield code="b">cr</subfield>
    <subfield code="2">rdacarrier</subfield>
  </datafield>
  <datafield tag="490" ind1="1" ind2=" ">
    <subfield code="a">Colecci&#xF3;n Historia Biblioteca Nueva</subfield>
  </datafield>
  <datafield tag="504" ind1=" " ind2=" ">
    <subfield code="a">Includes bibliographical references (p. 321-333).</subfield>
  </datafield>
  <datafield tag="505" ind1="0" ind2=" ">
    <subfield code="a">Presentaci&#xF3;n -- 1. De la subversi&#xF3;n a la pol&#xED;tica / Carlos Dard&#xE9; -- 2. Nicol&#xE1;s Salmer&#xF3;n y Alonso y el centrismo republicano / Juan Manuel D&#xED;az S&#xE1;nchez -- 3. La filosof&#xED;a del sexenio democr&#xE1;tico (1868-1874) / Antonio Heredia Soriano -- 4. Las ense&#xF1;anzas del exilio. Nicol&#xE1;s Salmer&#xF3;n en Par&#xED;s (1876-1885) / Fernando Mart&#xED;nez L&#xF3;pez -- 5. Republicanismo federal y Salmer&#xF3;n: encuentros y desencuentros / Per e Gabriel. -- 6. La uni&#xF3;n republicana de 1903 &#xBF;eslab&#xF3;n o gozne? / &#xC1;ngel Duarte -- 7. Krausismo e institucionismo en los m&#xE1;rgenes de la vida pol&#xED;tica / Octavio Ruiz-Manj&#xF3;n -- 8. El institucionismo y la cultura pol&#xED;tica republicana en la Restauraci&#xF3;n / Manuel Su&#xE1;rez Cortina -- 9. Una interpretaci&#xF3;n republicana del siglo xrx. La "Historia de la Revoluci&#xF3;n espa&#xF1;ola" de V. Blasco-Ib&#xE1;&#xF1;ez / Ramiro Reig -- 10. El republicanismo en Andaluc&#xED;a hasta la Segunda Rep&#xFA;blica (1868-1931) / Fernando Arcas Cubero -- 11. Republicanismo y masoner&#xED;a en Andaluc&#xED;a. Una aproximaci&#xF3;n / Leandro &#xC1;lvarez Rey -- 12. Rendimientos pol&#xED;ticos del republicanismo en la actualidad / Ram&#xF3;n Vargas-Machuca Ortega -- 13. Republicanismo y corporatismo / Manuel P&#xE9;rez Yruela -- &#xCD;ndice onom&#xE1;stico.</subfield>
  </datafield>
  <datafield tag="600" ind1="1" ind2="0">
    <subfield code="a">Salmer&#xF3;n y Alonso, Nicol&#xE1;s,</subfield>
    <subfield code="d">1838-1908</subfield>
    <subfield code="x">Political and social views.</subfield>
  </datafield>
  <datafield tag="600" ind1="1" ind2="0">
    <subfield code="a">Salmer&#xF3;n y Alonso, Nicol&#xE1;s,</subfield>
    <subfield code="d">1838-1908</subfield>
    <subfield code="x">Philosophy.</subfield>
  </datafield>
  <datafield tag="650" ind1=" " ind2="0">
    <subfield code="a">Political science</subfield>
    <subfield code="z">Spain.</subfield>
  </datafield>
  <datafield tag="650" ind1=" " ind2="0">
    <subfield code="a">Republicanism</subfield>
    <subfield code="z">Spain.</subfield>
  </datafield>
  <datafield tag="651" ind1=" " ind2="0">
    <subfield code="a">Spain</subfield>
    <subfield code="x">Politics and government</subfield>
    <subfield code="y">1886-1931.</subfield>
  </datafield>
  <datafield tag="655" ind1=" " ind2="0">
    <subfield code="a">Electronic books.</subfield>
  </datafield>
  <datafield tag="700" ind1="1" ind2=" ">
    <subfield code="a">Salmer&#xF3;n y Alonso, Nicol&#xE1;s,</subfield>
    <subfield code="d">1838-1908.</subfield>
  </datafield>
  <datafield tag="700" ind1="1" ind2=" ">
    <subfield code="a">Mart&#xED;nez L&#xF3;pez, Fernando,</subfield>
    <subfield code="d">1949-</subfield>
  </datafield>
  <datafield tag="791" ind1="2" ind2=" ">
    <subfield code="a">Digitalia (Firm),</subfield>
    <subfield code="e">distributor.</subfield>
  </datafield>
  <datafield tag="830" ind1=" " ind2="0">
    <subfield code="a">Colecci&#xF3;n Historia (Biblioteca Nueva (Firm)).</subfield>
  </datafield>
  <datafield tag="793" ind1="0" ind2=" ">
    <subfield code="g">Digitalia eBook Collection:</subfield>
    <subfield code="a">Biblioteca Nueva</subfield>
  </datafield>
  <datafield tag="856" ind1="4" ind2="0">
    <subfield code="3">Digitalia Hisp&#xE1;nica</subfield>
    <subfield code="u">https://www.digitaliapublishing.com/a/5355/</subfield>
  </datafield>
  <datafield tag="910" ind1=" " ind2=" ">
    <subfield code="a">Premium Collection: 2007-2012</subfield>
  </datafield>
  <datafield tag="942" ind1=" " ind2=" ">
    <subfield code="c">RAA</subfield>
  </datafield>
  <datafield tag="952" ind1=" " ind2=" ">
    <subfield code="0">0</subfield>
    <subfield code="1">0</subfield>
    <subfield code="4">0</subfield>
    <subfield code="7">0</subfield>
    <subfield code="8">DEH</subfield>
    <subfield code="a">BD-UIN</subfield>
    <subfield code="b">BD-UIN</subfield>
    <subfield code="d">2025-04-25</subfield>
    <subfield code="l">0</subfield>
    <subfield code="r">2025-04-25</subfield>
    <subfield code="w">2025-04-25</subfield>
    <subfield code="y">RAA</subfield>
  </datafield>
  <datafield tag="999" ind1=" " ind2=" ">
    <subfield code="c">231146</subfield>
    <subfield code="d">231146</subfield>
  </datafield>
</record>
